• 首页
  • 本馆介绍
  • 公告通知
  • 最新文献
  • 馆藏检索
  • 电子资源
  • 读者导购
  • 参考咨询
  • 我的图书馆
  • 登录
  • 详细信息显示
  • 放入我的书架
  • 预约/预借图书
  • 作者相关作品
  • 分类相关作品
  • 丛书相关作品
  • 出版社相关作品

书目信息

  • 表格格式
  • 工作单格式
  • 卡片格式
题名:
烟草病虫害
    
 
作者: 苏德成 主编
分册:  
出版信息: 北京   中国财政经济出版社  1992.02
页数: 348页
开本: 26cm
丛书名:
单 册:
中图分类: S435.72
科图分类:
主题词: 植物--病虫害 , 植物--病虫害防治方法
电子资源:
ISBN: 7-5005-1626-6
000 00612nam0 2200205 450
001 0836040482
005 20081009100220.42
010    @a7-5005-1626-6@dCNY11.00
100    @a20081009d1992 km y0chiy0120 ea
101 0  @achi
102    @aCN@b110000
200 1  @a烟草病虫害@Ayan cao bing chong hai@f苏德成主编@Fsu de cheng zhu bian
210    @a北京@c中国财政经济出版社@d1992.02
215    @a348页@d26cm
606 0  @a植物@x病虫害
606 0  @a植物@x病虫害防治方法
690    @aS435.72@v4
701  0 @a苏德成@Asu de cheng@4主编
801  0 @aCN@b大连网信软件有限公司图书馆·11@c20081009
905    @aBZT@dS435.72@e283
    
    烟草病虫害/苏德成主编.-北京:中国财政经济出版社,1992.02
    348页;26cm
    
    
    ISBN 7-5005-1626-6:CNY11.00
    
●
相关链接 在五车中查询图书 在当当中查询图书 在豆瓣中查询图书


正题名:烟草病虫害     索取号:S435.72/283         预约/预借

序号 登录号 条形码 馆藏地/架位号 状态 备注
1 057924   201252651   中心书库中库/ 中库033架A面1列2层34/ [索取号:S435.72/283] 在馆    
山东省滨州职业学院图书馆 欢迎您!
大连网信软件有限公司© 版权所有